[Event "Isle of Man Major op"]
[Site "Isle of Man"]
[Date "2019.10.18"]
[Round "7"]
[White "Paul, Nathanael"]
[Black "Day, Thomas W"]
[Result "1/2-1/2"]
[WhiteElo "1931"]
[BlackElo "1991"]
[PlyCount "81"]
[EventDate "2019.10.12"]
[EventType "swiss"]
[EventRounds "7"]
[EventCountry "IOM"]
[SourceTitle "CBM 192 Extra"]
[Source "Chessbase"]
[SourceDate "2019.11.06"]
[SourceVersion "1"]
[SourceVersionDate "2019.11.06"]
[SourceQuality "1"]

1. d4 e6 2. Bf4 d5 3. e3 Nf6 4. Nd2 Be7 5. Ngf3 Nbd7 6. Bd3 0-0 7. Ne5 c5 8. c3 b6 9. Nc6 Qe8 10. e4 Bb7 11. Nxe7+ Qxe7 12. e5 Ne4 13. f3 Nxd2 14. Qxd2 f6 15. exf6 Nxf6 16. 0-0 a5 17. Rfe1 c4 18. Bc2 b5 19. Re2 Ra6 20. Rae1 Bc8 21. Re5 Qf7 22. Bg5 Rb6 23. Qf4 b4 24. Qh4 bxc3 25. bxc3 Rb2 26. R1e2 Rb7 27. Bc1 Bd7 28. f4 Re8 29. g4 Bc6 30. f5 Ne4 31. fxe6 Rxe6 32. Rxe6 Qxe6 33. Qd8+ Qe8 34. Qxe8+ Bxe8 35. Bxe4 dxe4 36. Rxe4 Bc6 37. Re1 Rb1 38. Kf2 Ra1 39. a3 Ra2+ 40. Re2 Ra1 41. Re1 1/2-1/2

[Event "Isle of Man Major op"]
[Site "Isle of Man"]
[Date "2019.10.15"]
[Round "4"]
[White "Day, Thomas W"]
[Black "Berendsen, David"]
[Result "1-0"]
[WhiteElo "1991"]
[BlackElo "1761"]
[PlyCount "61"]
[EventDate "2019.10.12"]
[EventType "swiss"]
[EventRounds "7"]
[EventCountry "IOM"]
[SourceTitle "CBM 192 Extra"]
[Source "Chessbase"]
[SourceDate "2019.11.06"]
[SourceVersion "1"]
[SourceVersionDate "2019.11.06"]
[SourceQuality "1"]

1. e4 d6 2. d4 Nf6 3. Nc3 Nbd7 4. f4 e5 5. Nf3 exd4 6. Qxd4 c6 7. Be2 d5 8. exd5 Bc5 9. Qd3 Qb6 10. Rf1 Ng4 11. Ne4 cxd5 12. Qxd5 0-0 13. Nfg5 Ne3 14. Bxe3 Bxe3 15. Nxf7 Rxf7 16. Nd6 Qb4+ 17. c3 Qxd6 18. Qxd6 Nb6 19. Rf3 Bg1 20. 0-0-0 Rd7 21. Qe6+ Kf8 22. Rxd7 Bxd7 23. Qd6+ Kg8 24. f5 Bc6 25. Qe6+ Kh8 26. Rh3 Re8 27. Qf7 Nd5 28. Rg3 Be3+ 29. Rxe3 Nxe3 30. g4 Ng2 31. f6 1-0

[Event "Hofheim Spring op 6th"]
[Site "Hofheim"]
[Date "2018.04.07"]
[Round "9"]
[White "Mischuk, Dmitry"]
[Black "Day, Thomas W"]
[Result "1-0"]
[WhiteElo "2371"]
[BlackElo "2013"]
[PlyCount "104"]
[EventDate "2018.04.03"]
[EventType "swiss"]
[EventRounds "9"]
[EventCountry "GER"]
[SourceTitle "CBM 183 Extra"]
[Source "ChessBase"]
[SourceDate "2018.04.19"]
[SourceVersion "1"]
[SourceVersionDate "2018.04.19"]
[SourceQuality "1"]

1. e4 e6 2. d4 d5 3. Bd3 dxe4 4. Bxe4 Nf6 5. Bf3 c5 6. Ne2 Nc6 7. Be3 Qa5+ 8. c3 cxd4 9. Nxd4 Nxd4 10. Bxd4 Be7 11. Nd2 0-0 12. 0-0 Qc7 13. Re1 Bd7 14. Be5 Qc8 15. Nb3 Bc6 16. Na5 Rd8 17. Nxc6 bxc6 18. Qa4 Nd5 19. Rad1 f6 20. Bg3 e5 21. Rd2 Rd6 22. Red1 Qe6 23. c4 Nb6 24. Rxd6 Qxd6 25. Rxd6 Nxa4 26. Rd7 Bc5 27. Bxc6 Nb6 28. Bd5+ Nxd5 29. Rxd5 Bd4 30. b3 a5 31. Kf1 a4 32. b4 a3 33. f3 Ra4 34. Be1 Ra7 35. Ke2 Kf7 36. c5 Ke6 37. Rd6+ Ke7 38. Kd3 Bg1 39. h3 Bh2 40. Ke4 g6 41. g4 h5 42. gxh5 f5+ 43. Kd5 e4 44. Bh4+ Kf7 45. Rf6+ Ke8 46. Rxg6 exf3 47. Re6+ Kf7 48. Rf6+ Kg7 49. Rxf5 Rd7+ 50. Kc4 Rd2 51. Rxf3 Rxa2 52. Kb3 Ra1 1-0

[Event "Hofheim Spring op 6th"]
[Site "Hofheim"]
[Date "2018.04.04"]
[Round "2"]
[White "Day, Thomas W"]
[Black "Klundt, Klaus"]
[Result "0-1"]
[WhiteElo "2013"]
[BlackElo "2318"]
[PlyCount "42"]
[EventDate "2018.04.03"]
[EventType "swiss"]
[EventRounds "9"]
[EventCountry "GER"]
[SourceTitle "CBM 183 Extra"]
[Source "ChessBase"]
[SourceDate "2018.04.19"]
[SourceVersion "1"]
[SourceVersionDate "2018.04.19"]
[SourceQuality "1"]

1. d4 d5 2. c4 e6 3. Nc3 Nf6 4. Qc2 c5 5. cxd5 cxd4 6. Qa4+ Nbd7 7. Qxd4 Bc5 8. Qc4 exd5 9. Nxd5 Nxd5 10. Qxd5 Qa5+ 11. Kd1 Nf6 12. Qe5+ Be6 13. Bd2 0-0-0 14. Nf3 Rxd2+ 15. Nxd2 Rd8 16. Qxc5+ Qxc5 17. Rc1 Rxd2+ 18. Kxd2 Ne4+ 19. Kd1 Nxf2+ 20. Kd2 Qxc1+ 21. Kxc1 Nxh1 0-1

[Event "EU-ch 19th"]
[Site "Batumi"]
[Date "2018.03.24"]
[Round "7"]
[White "Day, Thomas W"]
[Black "Baglan, Esat"]
[Result "0-1"]
[WhiteElo "2083"]
[BlackElo "2341"]
[PlyCount "108"]
[EventDate "2018.03.17"]
[EventType "swiss"]
[EventRounds "11"]
[EventCountry "GEO"]
[SourceTitle "CBM 184"]
[Source "ChessBase"]
[SourceDate "2018.05.16"]
[SourceVersion "1"]
[SourceVersionDate "2018.05.16"]
[SourceQuality "1"]

1. e4 c5 2. Nf3 d6 3. d4 cxd4 4. Nxd4 Nf6 5. Nc3 Nc6 6. Nb3 g6 7. Be2 Bg7 8. 0-0 0-0 9. Be3 a5 10. a4 Nb4 11. Qd2 Bd7 12. f3 Rc8 13. Rac1 Ne8 14. Nd4 Nc7 15. Bh6 Bxh6 16. Qxh6 Ne6 17. Nxe6 Qb6+ 18. Kh1 Bxe6 19. Qh4 f6 20. f4 Kg7 21. e5 d5 22. Rf3 d4 23. Ne4 Bf5 24. Ng3 Bxc2 25. f5 g5 26. Qh5 d3 27. Ne4 d2 28. exf6+ exf6 29. Nxd2 Qd4 30. Nf1 Qh4 31. Qxh4 gxh4 32. b3 Be4 33. Rxc8 Rxc8 34. Rf4 Bd5 35. Rxh4 Bxb3 36. Bb5 Rc1 37. Kg1 Ra1 38. Kf2 Bxa4 39. Bc4 Bc6 40. Rg4+ Kf8 41. Ne3 b5 42. Be6 Rb1 43. Rg8+ Ke7 44. Rg7+ Kd6 45. Rxh7 a4 46. g4 a3 47. h4 a2 48. Bxa2 Nxa2 49. g5 fxg5 50. hxg5 Nc3 51. Rg7 Kc5 52. g6 Ne4+ 53. Kf3 Rg1 54. Kf4 b4 0-1

[Event "EU-ch 19th"]
[Site "Batumi"]
[Date "2018.03.19"]
[Round "3"]
[White "Day, Thomas W"]
[Black "Gharibyan, Mamikon"]
[Result "0-1"]
[WhiteElo "2083"]
[BlackElo "2312"]
[PlyCount "101"]
[EventDate "2018.03.17"]
[EventType "swiss"]
[EventRounds "11"]
[EventCountry "GEO"]
[SourceTitle "CBM 184"]
[Source "ChessBase"]
[SourceDate "2018.05.16"]
[SourceVersion "1"]
[SourceVersionDate "2018.05.16"]
[SourceQuality "1"]

1. d4 Nf6 2. c4 e6 3. Nc3 Bb4 4. f3 d5 5. Bg5 h6 6. Bh4 c5 7. cxd5 exd5 8. e3 Nc6 9. a3 Ba5 10. Nge2 cxd4 11. Nxd4 0-0 12. Bb5 Nxd4 13. Qxd4 g5 14. Bf2 a6 15. Ba4 Be6 16. Rc1 Rc8 17. Bb3 Bb6 18. Qd3 d4 19. Bxe6 dxe3 20. Qg6+ Kh8 21. Qxh6+ Nh7 22. Bxe3 Bxe3 23. Rd1 Qb6 24. Nd5 Bf2+ 25. Kf1 Qxe6 26. Qxe6 fxe6 27. Ne7 Rc2 28. Ng6+ Kg7 29. Nxf8 Nxf8 30. b4 e5 31. g3 Bd4 32. f4 gxf4 33. gxf4 Rf2+ 34. Ke1 Rxf4 35. Ke2 Ne6 36. Kd3 b5 37. Rdf1 Rh4 38. Kd2 Rh3 39. Rf5 Kg6 40. Rff1 Nf4 41. Kc2 Kf5 42. Rd1 Ke4 43. Rde1+ Kd5 44. Rd1 Kc4 45. Rb1 Rxa3 46. h4 Ra2+ 47. Kd1 Be3 48. h5 Rd2+ 49. Ke1 Nd3+ 50. Kf1 Rf2+ 51. Kg1 0-1

[Event "Buxton e2e4 op-A 03"]
[Site "Buxton"]
[Date "2013.03.16"]
[Round "3"]
[White "Day, Thomas W"]
[Black "Wood, Peter R"]
[Result "1-0"]
[WhiteElo "2086"]
[BlackElo "1962"]
[PlyCount "93"]
[EventDate "2013.03.15"]
[EventType "swiss"]
[EventRounds "5"]
[EventCountry "ENG"]
[SourceTitle "EXT 2014"]
[Source "ChessBase"]
[SourceDate "2013.11.20"]
[SourceVersion "1"]
[SourceVersionDate "2013.11.20"]
[SourceQuality "1"]

1. d4 e6 2. e4 d5 3. Nd2 c5 4. Ngf3 Nc6 5. Bb5 cxd4 6. exd5 exd5 7. 0-0 Bd6 8. Nb3 Nge7 9. Nbxd4 0-0 10. h3 a6 11. Bd3 Ng6 12. Re1 Re8 13. Rxe8+ Qxe8 14. Be3 Nce5 15. Be2 Nc4 16. Bxc4 dxc4 17. a4 Bd7 18. Ne2 Bc7 19. Qd5 Bc6 20. Qxc4 Bxf3 21. gxf3 Rc8 22. Qe4 Qe5 23. Qxe5 Bxe5 24. c3 Nh4 25. f4 Bf6 26. Rd1 Rd8 27. Rxd8+ Bxd8 28. Nd4 Ng6 29. Kg2 Ne7 30. Kf3 Bc7 31. Ke4 Kf8 32. Nf5 Nxf5 33. Kxf5 Bd6 34. Ke4 Ke7 35. Kd5 Kd7 36. b4 b5 37. axb5 axb5 38. f5 f6 39. Bc5 Be5 40. c4 bxc4 41. Kxc4 g6 42. fxg6 hxg6 43. Kd5 Bf4 44. b5 f5 45. Bd4 Bb8 46. b6 g5 47. Be5 1-0

[Event "Buxton e2e4 op"]
[Site "Buxton"]
[Date "2012.06.30"]
[Round "3"]
[White "Day, Thomas W"]
[Black "Livesey, R Nigel"]
[Result "1/2-1/2"]
[WhiteElo "2087"]
[BlackElo "1893"]
[PlyCount "87"]
[EventDate "2012.06.29"]
[EventType "swiss"]
[EventRounds "5"]
[EventCountry "ENG"]
[SourceTitle "EXT 2013"]
[Source "ChessBase"]
[SourceDate "2012.11.22"]
[SourceVersion "1"]
[SourceVersionDate "2012.11.22"]
[SourceQuality "1"]

1. d4 f5 2. Nf3 Nf6 3. Bg5 d5 4. Bxf6 exf6 5. Qd3 c6 6. g3 Be6 7. h4 h5 8. Bh3 g6 9. Nc3 Bd6 10. 0-0-0 Kf7 11. Nd2 Na6 12. Nb3 Nc7 13. Rhg1 a5 14. Na4 Na6 15. a3 b5 16. Nac5 Bc8 17. Nxa6 Bxa6 18. Qc3 Bb7 19. Nc5 Qe7 20. f3 Bxc5 21. Qxc5 Qxc5 22. dxc5 Rae8 23. Rge1 Re3 24. Rd3 Rhe8 25. Kd2 R3e5 26. e3 R5e7 27. Rd4 Bc8 28. Bg2 Re5 29. b3 R8e7 30. c3 Bd7 31. a4 Re8 32. axb5 cxb5 33. f4 R5e7 34. Bxd5+ Kf8 35. e4 fxe4 36. Rdxe4 Bf5 37. Rxe7 Rxe7 38. Rxe7 Kxe7 39. Ke3 a4 40. bxa4 bxa4 41. Kd2 a3 42. Kc1 Kd7 43. Bf3 Kc7 44. Bd5 1/2-1/2

[Event "BCF-chT4 0708 (4NCL)"]
[Site "England"]
[Date "2007.11.25"]
[Round "4.3"]
[White "White, Stephen M"]
[Black "Day, Thomas W"]
[Result "1-0"]
[WhiteElo "2065"]
[BlackElo "2095"]
[PlyCount "108"]
[EventDate "2007.09.15"]
[EventType "team-swiss"]
[EventRounds "11"]
[EventCountry "ENG"]
[SourceTitle "EXT 2009"]
[Source "ChessBase"]
[SourceDate "2008.11.26"]
[SourceVersion "1"]
[SourceVersionDate "2008.11.26"]
[SourceQuality "1"]
[WhiteTeam "Gloucestershire. Gambits"]
[BlackTeam "Nottinghamshire"]
[WhiteTeamCountry "ENG"]
[BlackTeamCountry "ENG"]

1. c4 e5 2. Nc3 Nf6 3. g3 Bb4 4. Bg2 c6 5. a3 Bxc3 6. bxc3 d5 7. cxd5 cxd5 8. Nf3 Nc6 9. d3 0-0 10. 0-0 Re8 11. Nd2 Be6 12. Rb1 Qd7 13. Nb3 b6 14. Bg5 Rac8 15. Qd2 Qe7 16. e4 dxe4 17. Bxf6 gxf6 18. Bxe4 f5 19. Bg2 Red8 20. Qe3 Qxa3 21. Bxc6 Rxc6 22. Qg5+ Kf8 23. Qxd8+ Kg7 24. c4 f6 25. Qe8 Qd6 26. c5 Qd5 27. Qe7+ Kg6 28. h3 f4 29. g4 f3 30. cxb6 axb6 31. Rfc1 Rd6 32. Qe8+ Bf7 33. Qc8 Re6 34. Qc4 Qd7 35. Rc3 Kg7 36. Rbc1 f5 37. Qc7 Qa4 38. gxf5 Qf4 39. Rc4 Qxf5 40. Rg4+ Rg6 41. Kh2 Rxg4 42. hxg4 Qf4+ 43. Kh1 Qg5 44. Rc4 Kg8 45. Qb8+ Kg7 46. Re4 Qh4+ 47. Kg1 Bxb3 48. Qxe5+ Qf6 49. Qxf6+ Kxf6 50. Rb4 Bc2 51. d4 Be4 52. Kh2 Kg5 53. Kg3 Bc6 54. Rxb6 Bd7 1-0

[Event "BCF-chT4 0607 (4NCL)"]
[Site "Sunningdale"]
[Date "2007.03.24"]
[Round "7.53"]
[White "Day, Thomas W"]
[Black "Gregory, Stephen J"]
[Result "1/2-1/2"]
[WhiteElo "2094"]
[BlackElo "2137"]
[PlyCount "120"]
[EventDate "2006.09.16"]
[EventType "team"]
[EventRounds "11"]
[EventCountry "ENG"]
[SourceTitle "EXT 2008"]
[Source "ChessBase"]
[SourceDate "2007.11.25"]
[SourceVersion "1"]
[SourceVersionDate "2007.11.25"]
[SourceQuality "1"]
[WhiteTeam "Poisoned Pawns II"]
[BlackTeam "Anglian Avengers"]
[WhiteTeamCountry "ENG"]
[BlackTeamCountry "ENG"]

1. d4 Nf6 2. c4 Nc6 3. Nc3 d6 4. Bg5 e5 5. d5 Ne7 6. h4 c6 7. Bxf6 gxf6 8. Ne4 Ng8 9. dxc6 bxc6 10. Qa4 Bd7 11. e3 d5 12. cxd5 cxd5 13. Bb5 Rb8 14. Bxd7+ Qxd7 15. Qxd7+ Kxd7 16. 0-0-0 Ke6 17. Nc3 Ne7 18. Nge2 Rg8 19. g3 Bh6 20. Kb1 Rgc8 21. Rd3 a5 22. Rhd1 Rc5 23. Na4 Rc4 24. Nec3 e4 25. Rd4 Rxd4 26. Rxd4 f5 27. Nc5+ Kd6 28. Nb3 Bg7 29. Ra4 Nc6 30. Ne2 Rb5 31. Nbd4 Bxd4 32. Nxd4 Rb4 33. Nxf5+ Ke5 34. Rxb4 Nxb4 35. Nd4 Nd3 36. Nc6+ Kd6 37. Nxa5 Nxf2 38. Kc2 h5 39. Nb3 Nh1 40. Nd4 Nxg3 41. Kd2 Nf1+ 42. Ke2 Nh2 43. b4 Ng4 44. a4 Ne5 45. b5 Nc4 46. Nf5+ Kc5 47. Ng3 Kb4 48. Nxh5 Kxa4 49. Nf4 Kxb5 50. h5 Nd6 51. Nxd5 Nf5 52. Nc3+ Kc6 53. Nxe4 Kd5 54. Kf3 Ke5 55. Nf2 Kf6 56. e4 Nd4+ 57. Kg4 Kg7 58. Nh3 f6 59. Nf4 Kh6 60. Kh4 f5 1/2-1/2

[Event "BCF-chT2 0304 (4NCL)"]
[Site "West Bromwich"]
[Date "2003.10.18"]
[Round "1.7"]
[White "Day, Thomas W"]
[Black "Hardman, Michael"]
[Result "0-1"]
[WhiteElo "2134"]
[BlackElo "2107"]
[PlyCount "80"]
[EventDate "2003.11.17"]
[EventType "team"]
[EventRounds "11"]
[EventCountry "ENG"]
[SourceTitle "EXT 2005"]
[Source "ChessBase"]
[SourceDate "2004.11.15"]
[SourceVersion "1"]
[SourceVersionDate "2004.11.15"]
[SourceQuality "1"]
[WhiteTeam "Poisoned Pawns"]
[BlackTeam "Mindsports"]
[WhiteTeamCountry "ENG"]
[BlackTeamCountry "ENG"]

1. d4 Nf6 2. c4 c5 3. Nf3 g6 4. e3 Bg7 5. Bd3 0-0 6. 0-0 cxd4 7. Nxd4 Nc6 8. Nxc6 bxc6 9. Nc3 d5 10. Qa4 Bd7 11. c5 e5 12. b4 e4 13. Be2 Ng4 14. Bb2 Nxh2 15. Kxh2 Qh4+ 16. Kg1 Be5 17. f4 exf3 18. Rxf3 Bg4 19. Rf4 Bxf4 20. exf4 Bxe2 21. Nxe2 Rae8 22. Qc2 Qg4 23. Qc3 f6 24. Nd4 Re4 25. Rf1 Rfe8 26. Qd2 Re2 27. Nxe2 Rxe2 28. Qxe2 Qxe2 29. Bxf6 Qe3+ 30. Kh1 d4 31. Rf3 Qc1+ 32. Kh2 d3 33. Rxd3 Qxf4+ 34. Kg1 Qxf6 35. Rd7 Qa1+ 36. Kh2 Qxa2 37. b5 cxb5 38. c6 Qe6 39. Rd8+ Kf7 40. c7 Qe5+ 0-1

[Event "BCF-chT3 0102 (4NCL)"]
[Site "Birmingham"]
[Date "2001.09.22"]
[Round "1.5"]
[White "Day, Thomas W"]
[Black "White, Mark"]
[Result "1-0"]
[WhiteElo "1944"]
[BlackElo "2129"]
[PlyCount "73"]
[EventDate "2001.09.??"]
[EventType "team"]
[EventRounds "11"]
[EventCountry "ENG"]
[SourceTitle "EXT 2003"]
[Source "ChessBase"]
[SourceDate "2002.11.25"]
[SourceVersion "1"]
[SourceVersionDate "2002.11.25"]
[SourceQuality "1"]
[WhiteTeam "Poisoned Pawns II"]
[BlackTeam "White Rose II"]
[WhiteTeamCountry "ENG"]
[BlackTeamCountry "ENG"]

1. e4 c5 2. Nf3 Nc6 3. d4 cxd4 4. Nxd4 Nf6 5. Nc3 e5 6. Nxc6 bxc6 7. Bc4 Bb4 8. Bd2 0-0 9. 0-0 d6 10. Qe2 Qe7 11. Rae1 Rb8 12. a3 Bc5 13. Na4 Bb6 14. Nxb6 Rxb6 15. f4 Be6 16. Bxe6 Qxe6 17. f5 Qe7 18. g4 Nd7 19. b4 d5 20. f6 gxf6 21. Rf5 Qd6 22. Bh6 Rd8 23. g5 dxe4 24. gxf6 Nf8 25. Qg2+ Ng6 26. Be3 Rb7 27. Qh3 Rbd7 28. Bc5 Qd2 29. Ref1 Rd4 30. R5f2 Qxf2+ 31. Rxf2 Rd1+ 32. Rf1 Rxf1+ 33. Kxf1 Kh8 34. Qh6 Rg8 35. Bf8 Nf4 36. Bg7+ Rxg7 37. Qxg7# 1-0